Tilastot visalle Suomalaiset poliitikot - Kuvavisa

Klikkaa tästä pelataksesi tätä visaa!

Yleistilastot

  • Tätä visaa on pelattu 195 kertaa
  • Keskiarvotulos 6 / 12

Vastaustilastot

Vastaus% Oikein
Tarja Halonen
100%
Päivi Räsänen
83%
Ville Niinistö
73%
Jutta Urpilainen
71%
Esko Aho
69%
Antti Kaikkonen
68%
Sampo Terho
51%
Ben Zyskowicz
37%
Ville Itälä
31%
Janina Andersson
24%
Tuija Brax
21%
Eija-Riitta Korhola
18%

Tulosjakauma

Persentiili vastausten määrän mukaan

Jokaisen tuloksen saaneiden osuus

Tuloshistoriasi

Et ole pelannut tätä visaa